000 00251nam a2200097Ia 4500
001 1206542
005 20250827022807.0
008 250824s9999 xx 000 0 und d
245 0 _aHALİD BİN VELİD
_cEBUBEKİR SUBAŞI
260 _bMAVİLALE YAYINLARI
999 _c1206542
_d1206542